Tìm hiểu thơ ca chiến khu của chủ tịch Hồ Chí Minh

Đã lưu trong:
书目详细资料
主要作者: Vũ Châu Quán
其他作者: Nguyễn Huy Quát
格式: 图书
出版: H. Văn hóa dân tộc 1990
主题:
标签: 添加标签
没有标签, 成为第一个标记此记录!
Thư viện lưu trữ: Trung tâm Học liệu Lê Vũ Hùng, Trường Đại học Đồng Tháp
LEADER 00850pam a22002538a 4500
001 00017821
005 20171026081022.0
008 110422s1990 ||||||Viesd
020 |c 8000 
041 0 # |a Vie 
082 1 4 |a 895.922 1009  |b T310H 
100 0 # |a Vũ Châu Quán 
245 0 0 |a Tìm hiểu thơ ca chiến khu của chủ tịch Hồ Chí Minh  |c Vũ Châu Quán, Nguyễn Huy Quát 
260 # # |a H.  |b Văn hóa dân tộc  |c 1990 
300 # # |a 331 tr.  |c 19 cm. 
650 # 4 |a Hồ Chí Minh 
653 # # |a Nghiên cứu văn học 
653 # # |a Thơ 
700 0 # |a Nguyễn Huy Quát 
852 # # |b Kho mượn  |j KM.0009693 
852 # # |b Kho đọc  |j KD.0003403 
852 # # |j KD.0003403  |j KM.0009693 
910 |d 22/04/2011 
980 # # |a Trung tâm Học liệu Lê Vũ Hùng, Trường Đại học Đồng Tháp